La Educación: política social para el ejercicio de la ciudadanía /
Salvato in:
| Autore principale: | |
|---|---|
| Altri autori: | , |
| Natura: | testo |
| Tags: |
Aggiungi Tag
Nessun Tag, puoi essere il primo ad aggiungerne!!
|
MARC
| LEADER | 00000 a a2200000 04500 | ||
|---|---|---|---|
| 001 | 17387 | ||
| 003 | |||
| 040 | |||
| 100 | |a Güendell González, Ludwig | ||
| 245 | |a La Educación: política social para el ejercicio de la ciudadanía / |c Ludwig Güendell González ; Rodolfo Osorio Ponce ; Mauricio González Oviedo | ||
| 700 | |a Osorio Ponce, Rodolfo | ||
| 700 | |a González Oviedo, Mauricio | ||
| 773 | |g número 4; páginas 21-57 | ||
| 999 | |c 36215 |d 36215 | ||
